Animals By Picture - Letter D - Statistics

General Stats
  • This quiz has been taken 649 times
  • The average score is 10 of 12
Answer Stats
Picture Answer % Correct
Dog
99%
Deer
97%
Dolphin
96%
Donkey
96%
Duck
96%
Dove
95%
Dragonfly
91%
Dodo
88%
Dingo
76%
Dugong
55%
Dik-Dik
43%
Dormouse
32%
No matching quizzes found
Score Distribution
Percent of People with Each Score
Percentile by Number Answered
Your Score History
You have not taken this quiz